The Science of Entomology (Record no. 377)

MARC details
000 -LEADER
fixed length control field 00577nam a22002057a 4500
003 - CONTROL NUMBER IDENTIFIER
control field OSt
005 - DATE AND TIME OF LATEST TRANSACTION
control field 20180329133855.0
008 - FIXED-LENGTH DATA ELEMENTS--GENERAL INFORMATION
fixed length control field 140909b xxu||||| |||| 00| 0 eng d
020 ## - INTERNATIONAL STANDARD BOOK NUMBER
International Standard Book Number 8697228487
040 ## - CATALOGING SOURCE
Transcribing agency DLC
082 ## - DEWEY DECIMAL CLASSIFICATION NUMBER
Classification number QX 500 D293 1994
100 ## - MAIN ENTRY--PERSONAL NAME
Personal name Davies, Romoser G.; Stoffolano, O. W. Richards
9 (RLIN) 976
245 ## - TITLE STATEMENT
Title The Science of Entomology
250 ## - EDITION STATEMENT
Edition statement 10th ed.
260 ## - PUBLICATION, DISTRIBUTION, ETC. (IMPRINT)
Place of publication, distribution, etc. India;
Name of publisher, distributor, etc. Chapman and Hall,
Date of publication, distribution, etc. 1994.
300 ## - PHYSICAL DESCRIPTION
Extent ix, 418 p. :
Other physical details ill;
Dimensions 27 cm.
504 ## - BIBLIOGRAPHY, ETC. NOTE
Bibliography, etc Includes Bibliographical refeences and Index.
650 ## - SUBJECT ADDED ENTRY--TOPICAL TERM
Topical term or geographic name as entry element Entomology
9 (RLIN) 977
942 ## - ADDED ENTRY ELEMENTS (KOHA)
Source of classification or shelving scheme Other/Generic Classification Scheme
Koha item type Book Bank
Holdings
Withdrawn status Lost status Source of classification or shelving scheme Damaged status Not for loan Home library Current library Date acquired Source of acquisition Inventory number Total Checkouts Full call number Barcode Date last seen Koha item type
    Other/Generic Classification Scheme     MUST Main Library MUST Main Library 09/09/2014   12/36558   QX500 D293 1994 2014-2522 09/09/2014 Book Bank
    Other/Generic Classification Scheme     MUST Main Library MUST Main Library 09/09/2014   12/36555   QX500 D293 1994 2014-2523 09/09/2014 Book Bank
    Other/Generic Classification Scheme     MUST Main Library MUST Main Library 09/09/2014   12/36557   QX500 D293 1994 2014-2524 09/09/2014 Book Bank
    Other/Generic Classification Scheme     MUST Main Library MUST Main Library 22/10/2014   12/36554   QX500 D293 1994 2014-3061 22/10/2014 Short Loan